LEADER 01066cam0-2200337---450- 001 990004829310403321 005 20121106111322.0 035 $a000482931 035 $aFED01000482931 035 $a(Aleph)000482931FED01 035 $a000482931 100 $a19990604d1956----km-y0itay50------ba 101 0 $afre 102 $aFR 105 $a-f------001yc 200 1 $aVie des frères Goncourt$eprécédant le journal d'Edmond et Jules de Goncourt$fAndré Billy 210 $aMonaco$cLes éditions de l'imprimerie nationale de Monaco$d1956 215 $a3 v., tav.$d20 cm 610 0 $aGoncourt, Edmond$aBiografia 610 0 $aGoncourt, Jules$aBiografia 676 $a848.8 700 1$aBilly,$bAndré$f<1882-1971>$0393637 801 0$aIT$bUNINA$gRICA$2UNIMARC 901 $aBK 912 $a990004829310403321 952 $a848.8 GONC/S 1(1)$bIst.f.m.4691$fFLFBC 952 $a848.8 GONC/S 1(2)$bIst.f.m.4691$fFLFBC 952 $a848.8 GONC/S 1(3)$bIst.f.m.4691$fFLFBC 959 $aFLFBC 996 $aVie des frères Goncourt$9517588 997 $aUNINA